000 01142nam a2200265 i 4500
005 20160220122838.0
008 160220s2007 ck ||||| |||| 00| 0 spa d
020 _a9789584416438
040 _aCO-BoIAVH
_cCO-BoIAVH
041 _aspa
082 0 4 _a582.1609861
_bC33c
100 1 _aCarvajal Rojas, Lyndon
245 1 0 _aComposición florística y estructural del bosque de galería Puerto López, Meta :
_bestudio de propiedades físico-mecánicas de cinco especies maderables, catálogo ilustrado de especies /
_cLyndon Carvajal Rojas y (otros cinco autores màs).
260 _aBogotá :
_bCORMACARENA,
_c2007.
300 _a219 páginas ;
_c22 cm.
650 1 4 _aÁrboles maderables
_zMeta (Colombia)
650 2 4 _aBosques
_zMeta (Colombia)
650 2 4 _aPlantas
_xIdentificación
_zMeta (Colombia)
700 1 _aLópez Rojas, Carlos Alberto,
_eautor.
700 1 _aPatarroyo V., Joaquin Hernán,
_eautor.
700 1 _aGualdron , Alba Liliana,
_eautor.
700 1 _aJimenéz, Mario Fernando,
_eautor.
700 1 _aGarzón, Alvaro Ernesto,
_eautor.
942 _cLIBRO
_2ddc
999 _c6082
_d6082